000 00420nam a2200169Ia 4500
008 230524s9999 xx 000 0 und d
082 _a6
_bGOO
100 _aS.E.Goodman
245 0 _aIntroduction to the Design and Analysis of Algorithms
250 _a1ST
260 _aNEW DELHI
_bMGH
_c2000
300 _aVI;365
500 _aQuantity Number: 2
650 _aComp-Sc
700 _a S.T.Hedetniemi
942 _cBK
999 _c37293
_d37293